000 00488nam a2200229Ia 4500
003 IT-RoPAU
008 120407s9999 xx 000 0 und d
040 _aIT-RoPAU
040 _cIT-RoPAU
041 _aita
100 _aEd Parish Danders
245 _aPaolo, la legge e il popolo giudaico
250 _aBrescia
260 _aPaideia
260 _c1989
300 _a363 p.
300 _c21,5 cm
490 _aStudi biblici
490 _v86
942 _cBK
999 _c33411
_d33411